000 00466nam a2200169Ia 4500
005 20250326130745.0
008 250326s9999 xx 000 0 und d
037 _aTextbook
040 _aFMSL
_beng
_cFMSL
041 _aeng
_2eng
084 _aX.4 P4
_qFMSL
100 _aAbass A
_9741262
245 0 _aRegional organisations and the development of collective security
_cAbass A
260 _c2004
942 _cTB
_hX.4 P4
999 _c1283962
_d1283962